Statistics for MUNA - guess the song with no hints #2

Click here to take the quiz!

General Stats

  • This quiz has been taken 36 times
  • The average score is 108 of 151

Answer Stats

Answer% Correct
a
100%
you
100%
the
93%
on
89%
my
85%
My
85%
so
85%
So
85%
i's
78%
is
78%
it
78%
she
78%
She
78%
and
74%
baby
70%
by
70%
her
70%
like
70%
of
70%
she's
70%
(She's
70%
She's
70%
solid)
70%
solid
70%
your
70%
in
67%
all
63%
can
63%
higher
63%
material
63%
movie
63%
not
63%
project
63%
pulling
63%
screen
63%
set
63%
substance
63%
which
63%
baby's
59%
hands
59%
herself
59%
making
59%
mind
59%
plan
59%
taking
59%
using
59%
Yeah
59%
yeah
59%
better
56%
doing
56%
levers
56%
made
56%
mirror
56%
reflect
56%
tell
56%
between
52%
bullet
52%
coming
52%
dotting
52%
eyes
52%
fully
52%
levels
52%
loaded
52%
out
52%
pressurized
52%
scene
52%
shell
52%
checking
48%
pearl
44%

Score Distribution

Percentile by Number Answered

Percent of People with Each Score

Your Score History

You have not taken this quiz